| 000 | 00683 a2200205 4500 | ||
|---|---|---|---|
| 020 | _a0070634955 | ||
| 040 |
_aDLC _bDLC |
||
| 100 | 1 | 0 | _aTemes, Lloyd. |
| 245 | 1 | 0 |
_aSchaum's outline of theory and problems of electronic communication _cLloyd Temes. |
| 260 | 0 |
_aNew York _b: McGraw-Hill _c, c1979. |
|
| 300 |
_a138 p. _b: ill. _c; 28 cm. |
||
| 440 | 0 | _aSchaum's outline series. | |
| 500 | _aCover title: Theory and problems of electronic communication. | ||
| 500 | _aIncludes index. | ||
| 650 | 0 | _aTelecommunication. | |
| 650 | 0 | _aElectronics. | |
| 740 | 0 | 1 | _aElectronic communication. |
| 740 | 0 | 1 | _aTheory and problems of electronic communication. |
| 942 |
_cBK _k621.382 TEM _2ddc |
||
| 999 |
_c10133 _d10133 |
||